01281 a2200217 4500003000500000005001700005010001300022040000900035082001600044100002900060245009200089250001100181260002600192300001700218505055800235600003000793650008100823942001200904999001900916952012800935Nust20230131131010.0 a59008838 cNust a940.546,DAV aDavidson, Eugene9108228 aThe death and life of Germany;ban account of the American occupationcEugene Davidson, a1st ed aKnopfbNew Yorkc1959 a422 pb22 cm aThe Face of the Enemy (Page-3), The Faces of the Friends (Page-23), Landscape of the Moon with Figures (Page-47), Berlin and the four Powers (Page-70), The Trails (Page-97), Learning by Doing (Page-127), The Dead Center (Page-157), The Year of the Blockade (Page-182), West Germany (Page-222), Petersberg and the new Criticism (Page-249), The Recovery (Page-268), The Alliance (Page-292), The Contracts (Page-312), The Uprising of June 17, 1953 (Page-326), A Most Favored Nation (Page-348), The Way to Sovereignty (Page-359) ,A beginning (Page-382).  aDavidson, Eugene,9108228 aThe death and life of Germany; an account of the American occupation9108229 2ddccBK c186076d186076 00102ddc4070aMCSbMCScGENd2016-12-12j4o940.546,DAVpMCS29481r2016-12-08w2016-12-12yBKzAlmirah No.60 ,Shelf No.3